000 00336nam a22001337a 4500
008 180316b xxu||||| |||| 00| 0 eng d
020 _a9780669467734
041 _aeng
080 _a37
100 _a25
101 _aedu
245 _awrite source 2000 a guide to writing thinking and learning
_ckrenzke.ch
942 _2udc
_cBK
999 _c45212
_d45212